О выборе формы ротора гиромотора, обеспечивающей минимальное аэродинамическое сопротивление; Известия вузов. Приборостроение; Т. 9, № 3

Bibliografske podrobnosti
Parent link:Известия вузов. Приборостроение: научно-технический журнал/ Санкт-Петербургский национальный исследовательский университет информационных технологий, механики и оптики.— , 1958-1991, 1993-.— 0021-3454
Т. 9, № 3.— 1966.— С. 89-92
Glavni avtor: Шумский М. П. Михаил Петрович
Drugi avtorji: Иванов Ю. Е.
Jezik:ruščina
Izdano: 1966
Teme:
Format: MixedMaterials Book Chapter
KOHA link:https://koha.lib.tpu.ru/cgi-bin/koha/opac-detail.pl?biblionumber=593542

MARC

LEADER 00000naa2a2200000 4500
001 593542
005 20231101131750.0
035 |a (RuTPU)RU\TPU\tpu\7028 
090 |a 593542 
100 |a 20011210a1966 k y0rusy50 ca 
101 0 |a rus 
102 |a RU 
200 1 |a О выборе формы ротора гиромотора, обеспечивающей минимальное аэродинамическое сопротивление  |f М. П. Шумский, Ю. Е. Иванов 
461 1 |0 (RuTPU)RU\TPU\prd\1504  |x 0021-3454  |t Известия вузов. Приборостроение  |o научно-технический журнал  |f Санкт-Петербургский национальный исследовательский университет информационных технологий, механики и оптики  |d 1958-1991, 1993- 
463 1 |0 (RuTPU)RU\TPU\prd\169765  |t Т. 9, № 3  |v С. 89-92  |d 1966 
610 1 |a машиностроение 
610 1 |a роторы 
610 1 |a гиромоторы 
610 1 |a аэродинамическое сопротивление 
610 1 |a труды учёных ТПУ 
700 1 |a Шумский  |b М. П.  |c физик  |c доцент Томского политехнического университета, кандидат технических наук  |c выпускник ММФ Томского государственного университета 1958  |f 1932-  |g Михаил Петрович  |2 stltpush  |3 (RuTPU)RU\TPU\pers\26592 
701 1 |a Иванов  |b Ю. Е. 
801 0 |a RU  |b 63413507  |c 20011210  |g PSBO 
801 2 |a RU  |b 63413507  |c 20221128  |g PSBO 
942 |c BK